00888 a2200169 4500003000500000005001700005010001300022040000900035082001200044100001900056245003100075260002600106300001900132505053800151600001900689650001000708NUST20230124175404.0 a87171698 cNust a823,HOP aHope, Anthony, aQuisanté /cAnthony Hope aLondonbMethuenc1925 a304 p.;b20 cm aDisk Benyon Outsider (Page-7),Moments(Page-19), Sandro Way(Page-31), He Coming(Page-43),Whimsy Whamsies (Page-58),Om Duty Hill (Page-73),Advice Form Aunt (Page-86),Contra Mundum (Page-101),Lead Us Not (Page-114),Practical Politics (Page-128),Seventy-Seven And Susy Sinnentt (Page-144),A Highly Vorrect (Page-160),Not Superhuman (Page-175),Open Eyes (Page-191),A Strange Idea (Page-208),The Irrevocable (Page-225), Done For? (Page-243),For Lock Of Love(Page-259),Death Defied (Page-274),The Quiet Life (Page-287),A Relict (Page-300). aHope, Anthony, aNovel